| 000 | 00607nam a2200205 a 4500 | ||
|---|---|---|---|
| 005 | 20210219153426.0 | ||
| 008 | 991125n 000 0 eng u | ||
| 035 | _aUPN01000098093 | ||
| 100 | _aHawthorne, Elizabeth M. | ||
| 222 | _aJOURNAL OF HIGHER EDUCATION | ||
| 245 | _aThe role of state departments of education in school/college collaboration | ||
| 300 | _a418-440 | ||
| 362 | _a1992 63, no. 4 | ||
| 653 | 0 | _aCOOPERACION DE LA ESCUELA | |
| 653 | 0 | _aDEPARTAMENTOS DE EDUCACION DEL ESTADO | |
| 653 | 0 | _aROL DEL GOBIERNO | |
| 700 | _aZusman, Ami | ||
| 904 |
_aAC _b035904 |
||
| 905 | _aArticulo | ||
| 999 |
_c76442 _d76442 |
||